|
|
|
|
| LEADER |
00613cam a2200169 7i4500 |
| 001 |
0000050937 |
| 005 |
20250106090000.0 |
| 020 |
|
|
|a 0905435079
|
| 090 |
0 |
0 |
|a HG4026
|b .B76 1978
|
| 100 |
0 |
|
|a Brockington, Raymond
|
| 245 |
1 |
0 |
|a Financial management :
|b an instructional manual for business and accountancy students
|c Raymond Brockington.
|
| 260 |
|
|
|a Winchester, Hants:
|b D. P. Publications,
|c 1978.
|
| 300 |
|
|
|a 178 p.:
|b ill.;
|c 18 cm.
|
| 650 |
0 |
0 |
|a Corporations --
|x Finance
|
| 650 |
0 |
0 |
|a Finance
|
| 997 |
|
|
|a AIDCOMM - Communication and Media, Faculty
|
| 999 |
|
|
|a ZARC003446
|b BOK
|c OPEN SHELF
|e Zainol Ahmad Resource Center
|